Socialist register 1991 : (Record no. 52265)
[ view plain ]
| 000 -LEADER | |
|---|---|
| campo de control de longitud fija | 01827cam a2200349 4500 |
| 001 - NÚMERO DE CONTROL | |
| campo de control | 12236 |
| 005 - FECHA Y HORA DE LA ÚLTIMA TRANSACCIÓN | |
| campo de control | 20230410120815.0 |
| 008 - DATOS DE LONGITUD FIJA--INFORMACIÓN GENERAL | |
| campo de control de longitud fija | 060907s1991 enk b 000 0 eng d |
| 020 ## - NÚMERO INTERNACIONAL ESTÁNDAR DEL LIBRO | |
| Número Internacional Estándar del Libro | 0850364191 |
| 020 ## - NÚMERO INTERNACIONAL ESTÁNDAR DEL LIBRO | |
| Número Internacional Estándar del Libro | 0850364200 |
| 035 ## - NÚMERO DE CONTROL DEL SISTEMA | |
| -- | funglode12332 |
| 041 ## - CÓDIGO DE IDIOMA | |
| Código de lengua del texto/banda sonora o título independiente | eng |
| 050 14 - SIGNATURA TOPOGRÁFICA DE LA BIBLIOTECA DEL CONGRESO | |
| Número de clasificación | HX 15 |
| Número de ítem | S678 1991 |
| 082 00 - NÚMERO DE LA CLASIFICACIÓN DECIMAL DEWEY | |
| Número de clasificación | 335 |
| 245 00 - MENCIÓN DEL TÍTULO | |
| Título | Socialist register 1991 : |
| Resto del título | communist regimes: the aftermath / |
| Mención de responsabilidad, etc. | edited by Ralph Miliband and Leo Panitch |
| 246 30 - FORMA VARIANTE DEL TITULO | |
| Título propio/Titulo breve | Communist regimes: the aftermath. |
| 260 ## - PUBLICACIÓN, DISTRIBUCIÓN, ETC. | |
| Lugar de publicación, distribución, etc. | London : |
| Nombre del editor, distribuidor, etc. | The Merlin Press, |
| Fecha de publicación, distribución, etc. | 1991. |
| 300 ## - DESCRIPCIÓN FÍSICA | |
| Extensión | 389 p. ; |
| Dimensiones | 21 cm. |
| 500 ## - NOTA GENERAL | |
| Nota general | Variación de título tomado de la cubierta. |
| 504 ## - NOTA DE BIBLIOGRAFÍA, ETC. | |
| Nota de bibliografía, etc. | Incluye referencias bibliográficas. |
| 505 0# - NOTA DE CONTENIDO CON FORMATO | |
| Nota de contenido con formato | The communist experience: a personal appraisal -- Perestroika and the proletariat -- A future of socialism in the USSR? -- The struggle for power in the soviet economy -- Perestroika and the neo-liberal project -- "Real socialism" in historical perspective -- The roots of the present crisis in the soviet economy -- Privilegentsia, property and power -- For a socialist rebirth: a soviet view -- Marketization and privatization: the polish case -- From where to where? Reflections on Hungary's social revolution -- Nicaragua: a revolution that fell from grace of the people -- Soviet rehearsal in Yugoslavia? Contradictions of the socialist liberal strategy -- The socialist fetter: a cautionary tale -- What comes after communist regimes? |
| 650 #0 - PUNTO DE ACCESO ADICIONAL DE MATERIA--TÉRMINO DE MATERIA | |
| Término de materia o nombre geográfico como elemento de entrada | Socialism |
| Subdivisión de forma | Periodicals |
| 650 #0 - PUNTO DE ACCESO ADICIONAL DE MATERIA--TÉRMINO DE MATERIA | |
| Término de materia o nombre geográfico como elemento de entrada | Socialism |
| Subdivisión general | Revolutions and socialism |
| 650 #4 - PUNTO DE ACCESO ADICIONAL DE MATERIA--TÉRMINO DE MATERIA | |
| Término de materia o nombre geográfico como elemento de entrada | Socialismo |
| Subdivisión general | Revoluciones y socialismo |
| 650 #0 - PUNTO DE ACCESO ADICIONAL DE MATERIA--TÉRMINO DE MATERIA | |
| Término de materia o nombre geográfico como elemento de entrada | Communism |
| Subdivisión de forma | Periodicals. |
| 650 #0 - PUNTO DE ACCESO ADICIONAL DE MATERIA--TÉRMINO DE MATERIA | |
| Término de materia o nombre geográfico como elemento de entrada | World politics |
| Subdivisión cronológica | 1989- |
| Subdivisión de forma | Periodicals. |
| 650 #4 - PUNTO DE ACCESO ADICIONAL DE MATERIA--TÉRMINO DE MATERIA | |
| Término de materia o nombre geográfico como elemento de entrada | Comunismo |
| 650 #4 - PUNTO DE ACCESO ADICIONAL DE MATERIA--TÉRMINO DE MATERIA | |
| Término de materia o nombre geográfico como elemento de entrada | Política mundial |
| Subdivisión cronológica | 1989- |
| 700 1# - ENTRADA AGREGADA--NOMBRE PERSONAL | |
| Nombre de persona | Miliband, Ralph |
| 700 1# - ENTRADA AGREGADA--NOMBRE PERSONAL | |
| Nombre de persona | Panitch, Leo |
| 942 ## - ELEMENTOS DE ENTRADA SECUNDARIOS (KOHA) | |
| Fuente del sistema de clasificación o colocación | Clasificación de Library of Congress |
| Tipo de ítem Koha | |
| Estatus retirado | Estado de pérdida | Fuente del sistema de clasificación o colocación | Estado de daño | No para préstamo | Colección | Biblioteca de origen | Biblioteca actual | Ubicación en estantería | Fecha de adquisición | Serial enumeration / chronology | Signatura topográfica completa | Código de barras | Visto por última vez | Copia número | Tipo de ítem Koha |
|---|---|---|---|---|---|---|---|---|---|---|---|---|---|---|---|
| Clasificación de Library of Congress | Ciencias Sociales | Biblioteca Juan Bosch | Biblioteca Juan Bosch | Ciencias Sociales (3er. Piso) | 24/10/2018 | 1 | HX 15 S678 1991 | 00000010154 | 24/10/2018 | 1 |
